000 01625nam0a2200349 4500
001 RU\NLR\bibl\1091490
005 20260406134552.0
010 _a5-06-004-382-5
_9250
021 _aRU
_b2007-26339
_91402
035 _a(NLR Aleph) 001078622
090 _a1044173
_c1044173
100 _a20070528d2006 |||y0rusy50 ca
101 0 _arus
102 _aRU
105 _ay |||||||||
200 1 _aЭтико-педагогические воззрения Иммануила Канта в свете современных проблем гуманизации образования
_eмонография
_fИ.Б. Суслова
_gНауч.-образоват. центр Рос. акад. образования
210 _aСочи
_cНОЦ РАО
_d2006
215 _a162 с.
_d19
320 _aБиблиогр.: с. 152-161 (167 назв.)
600 1 _aКант
_bИ.
_f1724 - 1804
_gИммануил
_xПедагогические взгляды
_91013607
_3RU\NLR\auth\6668605
600 1 _aКант
_bИ.
_f1724 - 1804
_gИммануил
_jУчебные издания для высших учебных заведений
_xЭтические взгляды
_92196614
_3RU\NLR\auth\661320160
686 _aЧ33(4Г)434-25Кант
686 _aЮ3(4Г)5-563.1я73
686 _aЮ7г(4Г)я73
700 1 _aСуслова
_bИ. Б.
_gИя Борисовна
_4070
702 1 _4570
_7ca
_8rus
_aКант
_bИ.
_f1724-1804
_gИммануил
_9112332
_3RU\NLR\auth\772317
801 0 _aRU
_bNLR
_c20070528
_gRCR
801 1 _aRU
_bNLR
_c20070528
830 _aавт. по кн.
942 _cBOOK
980 _aNB